[Event "Team Championship (men blitz)"]
[Site "Sochi"]
[Date "2017.10.05"]
[Round "1.1"]
[White "Andreikin, Dmitry"]
[Black "Pogromsky, Mikhail"]
[Result "1-0"]
[LiveChessVersion "1.4.8"]
[BlackElo "2450"]
[WhiteElo "2787"]

1. d4 {[%clk 0:03:03]} Nf6 {[%clk 0:03:02]} 2. Bg5 {[%clk 0:03:04]} b6
{[%clk 0:03:00]} 3. Nd2 {[%clk 0:02:56]} Bb7 {[%clk 0:03:01]} 4. Ngf3
{[%clk 0:02:56]} g6 {[%clk 0:02:57]} 5. Bxf6 {[%clk 0:02:56]} exf6
{[%clk 0:02:57]} 6. e3 {[%clk 0:02:55]} Bg7 {[%clk 0:02:52]} 7. g3
{[%clk 0:02:55]} O-O {[%clk 0:02:50]} 8. Bg2 {[%clk 0:02:56]} f5 {[%clk 0:02:49]}
9. O-O {[%clk 0:02:56]} d6 {[%clk 0:02:45]} 10. Ne1 {[%clk 0:02:54]} Bxg2
{[%clk 0:02:41]} 11. Nxg2 {[%clk 0:02:54]} Nd7 {[%clk 0:02:38]} 12. Qf3
{[%clk 0:02:51]} Re8 {[%clk 0:02:35]} 13. Nf4 {[%clk 0:02:51]} Nf8
{[%clk 0:02:35]} 14. a4 {[%clk 0:02:42]} a6 {[%clk 0:02:31]} 15. Qc6
{[%clk 0:02:29]} Qd7 {[%clk 0:02:23]} 16. Qxd7 {[%clk 0:02:28]} Nxd7
{[%clk 0:02:23]} 17. Nd5 {[%clk 0:02:29]} Rac8 {[%clk 0:02:20]} 18. Nc4
{[%clk 0:02:22]} Nf6 {[%clk 0:02:10]} 19. Nb4 {[%clk 0:02:20]} a5
{[%clk 0:01:51]} 20. Nd3 {[%clk 0:02:11]} Nd5 {[%clk 0:01:28]} 21. c3
{[%clk 0:02:08]} Ra8 {[%clk 0:01:20]} 22. Rfc1 {[%clk 0:02:08]} Nf6
{[%clk 0:01:13]} 23. b4 {[%clk 0:02:04]} axb4 {[%clk 0:00:58]} 24. cxb4
{[%clk 0:02:04]} Nd5 {[%clk 0:00:59]} 25. b5 {[%clk 0:01:57]} Ra7
{[%clk 0:00:55]} 26. Nf4 {[%clk 0:01:48]} Nf6 {[%clk 0:00:48]} 27. Nb2
{[%clk 0:01:47]} Bh6 {[%clk 0:00:46]} 28. Nfd3 {[%clk 0:01:41]} Nd5
{[%clk 0:00:47]} 29. Rc4 {[%clk 0:01:33]} Re7 {[%clk 0:00:37]} 30. Nb4
{[%clk 0:01:30]} Nxb4 {[%clk 0:00:37]} 31. Rxb4 {[%clk 0:01:31]} g5
{[%clk 0:00:34]} 32. Nd3 {[%clk 0:01:12]} f4 {[%clk 0:00:35]} 33. exf4
{[%clk 0:01:10]} gxf4 {[%clk 0:00:36]} 34. Rc4 {[%clk 0:01:11]} fxg3
{[%clk 0:00:27]} 35. hxg3 {[%clk 0:01:11]} Bg7 {[%clk 0:00:23]} 36. Nf4
{[%clk 0:00:59]} Re4 {[%clk 0:00:22]} 37. Rd1 {[%clk 0:00:59]} Bf6
{[%clk 0:00:15]} 38. Kg2 {[%clk 0:00:59]} Bd8 {[%clk 0:00:11]} 39. Kf3
{[%clk 0:01:00]} Re8 {[%clk 0:00:11]} 40. Nd5 {[%clk 0:00:57]} Kg7
{[%clk 0:00:10]} 41. Rdc1 {[%clk 0:00:47]} h5 {[%clk 0:00:07]} 42. Rb4
{[%clk 0:00:40]} Re6 {[%clk 0:00:04]} 43. Rc6 {[%clk 0:00:39]} h4
{[%clk 0:00:03]} 44. gxh4 {[%clk 0:00:39]} Bxh4 {[%clk 0:00:04]} 45. Rxc7
{[%clk 0:00:32]} Rxc7 {[%clk 0:00:03]} 46. Nxc7 {[%clk 0:00:32]} Re7
{[%clk 0:00:04]} 47. Nd5 {[%clk 0:00:31]} Rb7 {[%clk 0:00:05]} 48. Rc4
{[%clk 0:00:28]} Kg6 {[%clk 0:00:05]} 49. Rc6 {[%clk 0:00:28]} Kf5
{[%clk 0:00:05]} 50. Rxb6 {[%clk 0:00:28]} Ra7 {[%clk 0:00:07]} 51. Ra6
{[%clk 0:00:27]} Rb7 {[%clk 0:00:08]} 52. Rxd6 {[%clk 0:00:26]} Ra7
{[%clk 0:00:07]} 53. b6 {[%clk 0:00:24]} Rxa4 {[%clk 0:00:08]} 54. b7
{[%clk 0:00:25]} Ra3+ {[%clk 0:00:09]} 55. Ne3+ {[%clk 0:00:26]} 1-0

[Event "Team Championship (men blitz)"]
[Site "Sochi"]
[Date "2017.10.05"]
[Round "1.2"]
[White "Vokarev, Sergey"]
[Black "Riazantsev, Alexander"]
[Result "0-1"]
[LiveChessVersion "1.4.8"]
[BlackElo "2670"]
[WhiteElo "2427"]

1. e4 {[%clk 0:03:03]} c6 {[%clk 0:03:03]} 2. d4 {[%clk 0:03:03]} d5
{[%clk 0:03:05]} 3. Nd2 {[%clk 0:03:03]} dxe4 {[%clk 0:03:06]} 4. Nxe4
{[%clk 0:03:04]} Bf5 {[%clk 0:03:07]} 5. Ng3 {[%clk 0:03:04]} Bg6
{[%clk 0:03:08]} 6. Nf3 {[%clk 0:03:03]} Nd7 {[%clk 0:03:09]} 7. Bc4
{[%clk 0:03:04]} e6 {[%clk 0:03:09]} 8. O-O {[%clk 0:03:02]} Ngf6
{[%clk 0:03:09]} 9. Re1 {[%clk 0:02:56]} Be7 {[%clk 0:03:09]} 10. Nh4
{[%clk 0:02:55]} Nd5 {[%clk 0:03:00]} 11. Nxg6 {[%clk 0:02:54]} hxg6
{[%clk 0:03:01]} 12. c3 {[%clk 0:02:49]} Qc7 {[%clk 0:02:59]} 13. Qf3
{[%clk 0:02:47]} N7f6 {[%clk 0:02:13]} 14. h3 {[%clk 0:02:46]} O-O-O
{[%clk 0:02:11]} 15. Ne4 {[%clk 0:02:46]} Nxe4 {[%clk 0:02:08]} 16. Rxe4
{[%clk 0:02:38]} Bd6 {[%clk 0:01:57]} 17. Bd2 {[%clk 0:02:23]} Rh5
{[%clk 0:01:52]} 18. Rae1 {[%clk 0:02:21]} Rdh8 {[%clk 0:01:44]} 19. a3
{[%clk 0:02:07]} Kb8 {[%clk 0:01:32]} 20. R4e2 {[%clk 0:01:47]} Nf4
{[%clk 0:01:16]} 21. Bxf4 {[%clk 0:01:40]} Bxf4 {[%clk 0:01:17]} 22. b4
{[%clk 0:01:36]} g5 {[%clk 0:01:16]} 23. a4 {[%clk 0:01:30]} Rh4 {[%clk 0:01:18]}
24. Re4 {[%clk 0:01:21]} R4h6 {[%clk 0:00:55]} 25. Bf1 {[%clk 0:01:19]} Bh2+
{[%clk 0:00:39]} 26. Kh1 {[%clk 0:01:20]} Bd6 {[%clk 0:00:40]} 27. Kg1
{[%clk 0:01:19]} Rf6 {[%clk 0:00:40]} 28. Qe2 {[%clk 0:01:17]} Bh2+
{[%clk 0:00:33]} 29. Kh1 {[%clk 0:01:19]} Bd6 {[%clk 0:00:34]} 30. Kg1
{[%clk 0:01:20]} Rg6 {[%clk 0:00:26]} 31. g3 {[%clk 0:01:19]} Rgh6
{[%clk 0:00:12]} 32. Bg2 {[%clk 0:01:18]} Rc8 {[%clk 0:00:11]} 33. a5
{[%clk 0:01:18]} a6 {[%clk 0:00:12]} 34. Qe3 {[%clk 0:01:17]} Rg6
{[%clk 0:00:12]} 35. Qe2 {[%clk 0:01:18]} Qd7 {[%clk 0:00:14]} 36. Qe3
{[%clk 0:01:18]} Rh8 {[%clk 0:00:15]} 37. Qe2 {[%clk 0:01:19]} Rgh6
{[%clk 0:00:15]} 38. Qe3 {[%clk 0:01:17]} Rg6 {[%clk 0:00:16]} 39. Qe2
{[%clk 0:01:19]} Qd8 {[%clk 0:00:13]} 40. Qe3 {[%clk 0:01:19]} Qf6
{[%clk 0:00:14]} 41. Qe2 {[%clk 0:01:18]} Rgh6 {[%clk 0:00:15]} 42. Qe3
{[%clk 0:01:18]} Qf5 {[%clk 0:00:17]} 43. Qe2 {[%clk 0:01:17]} Qf6
{[%clk 0:00:11]} 44. Qe3 {[%clk 0:01:16]} Qf5 {[%clk 0:00:12]} 45. Qe2
{[%clk 0:01:16]} Qf6 {[%clk 0:00:08]} 46. Qe3 {[%clk 0:01:17]} Rh5
{[%clk 0:00:08]} 47. Qe2 {[%clk 0:01:16]} Qd8 {[%clk 0:00:09]} 48. Qe3
{[%clk 0:01:16]} Qd7 {[%clk 0:00:08]} 49. Qe2 {[%clk 0:01:16]} R5h6
{[%clk 0:00:07]} 50. Qe3 {[%clk 0:01:17]} Qd8 {[%clk 0:00:07]} 51. Qe2
{[%clk 0:01:18]} Qf6 {[%clk 0:00:08]} 52. Qe3 {[%clk 0:01:19]} Rd8
{[%clk 0:00:07]} 53. Qe2 {[%clk 0:01:20]} Rhh8 {[%clk 0:00:08]} 54. Qe3
{[%clk 0:01:21]} Rh6 {[%clk 0:00:07]} 55. Qe2 {[%clk 0:01:22]} Qe7
{[%clk 0:00:07]} 56. Qe3 {[%clk 0:01:23]} Rdh8 {[%clk 0:00:08]} 57. Qe2
{[%clk 0:01:24]} Qd7 {[%clk 0:00:07]} 58. Qe3 {[%clk 0:01:25]} Rh5
{[%clk 0:00:09]} 59. Qe2 {[%clk 0:01:26]} Qd8 {[%clk 0:00:09]} 60. Qe3
{[%clk 0:01:26]} R5h6 {[%clk 0:00:09]} 61. Qe2 {[%clk 0:01:27]} Rf6
{[%clk 0:00:10]} 62. Rg4 {[%clk 0:01:25]} Rfh6 {[%clk 0:00:08]} 63. Qe3
{[%clk 0:01:22]} Rh5 {[%clk 0:00:10]} 64. Re4 {[%clk 0:01:18]} Ka8
{[%clk 0:00:10]} 65. Qe2 {[%clk 0:01:19]} R5h6 {[%clk 0:00:11]} 66. Qe3
{[%clk 0:01:19]} Rh5 {[%clk 0:00:11]} 67. Qe2 {[%clk 0:01:19]} Qf6
{[%clk 0:00:13]} 68. Qe3 {[%clk 0:01:19]} R5h6 {[%clk 0:00:14]} 69. Qe2
{[%clk 0:01:19]} Qf5 {[%clk 0:00:15]} 70. Qe3 {[%clk 0:01:19]} Qb5
{[%clk 0:00:14]} 71. Qe2 {[%clk 0:01:17]} Qxe2 {[%clk 0:00:13]} 72. R1xe2
{[%clk 0:01:18]} Kb8 {[%clk 0:00:14]} 73. Kf1 {[%clk 0:01:18]} Kc7
{[%clk 0:00:15]} 74. R4e3 {[%clk 0:01:19]} Kd7 {[%clk 0:00:15]} 75. Re1
{[%clk 0:01:17]} Re8 {[%clk 0:00:09]} 76. Ke2 {[%clk 0:01:16]} Rc8
{[%clk 0:00:09]} 77. Kd3 {[%clk 0:01:17]} Be7 {[%clk 0:00:07]} 78. Rf3
{[%clk 0:01:16]} Bf6 {[%clk 0:00:09]} 79. Rfe3 {[%clk 0:01:16]} Kc7
{[%clk 0:00:10]} 80. R3e2 {[%clk 0:01:17]} Rd8 {[%clk 0:00:11]} 81. Kc2
{[%clk 0:01:18]} Rhh8 {[%clk 0:00:13]} 82. Re3 {[%clk 0:01:19]} Rd6
{[%clk 0:00:14]} 83. R3e2 {[%clk 0:01:20]} Rhd8 {[%clk 0:00:15]} 84. Re3
{[%clk 0:01:21]} R6d7 {[%clk 0:00:16]} 85. Re4 {[%clk 0:01:21]} g6
{[%clk 0:00:10]} 86. R4e3 {[%clk 0:01:21]} Bg7 {[%clk 0:00:10]} 87. Re4
{[%clk 0:01:22]} e5 {[%clk 0:00:10]} 88. dxe5 {[%clk 0:01:17]} Rd2+
{[%clk 0:00:11]} 89. Kb3 {[%clk 0:01:17]} Rxf2 {[%clk 0:00:13]} 90. R1e2
{[%clk 0:01:17]} Rxe2 {[%clk 0:00:13]} 91. Rxe2 {[%clk 0:01:18]} Re8
{[%clk 0:00:14]} 92. e6 {[%clk 0:01:15]} f5 {[%clk 0:00:14]} 93. e7
{[%clk 0:00:56]} Kd6 {[%clk 0:00:14]} 94. Rd2+ {[%clk 0:00:58]} Kxe7
{[%clk 0:00:11]} 95. Re2+ {[%clk 0:00:59]} Kd8 {[%clk 0:00:12]} 96. Rxe8+
{[%clk 0:01:00]} Kxe8 {[%clk 0:00:14]} 97. c4 {[%clk 0:01:00]} Kd7
{[%clk 0:00:14]} 98. b5 {[%clk 0:01:00]} Kd6 {[%clk 0:00:14]} 99. bxc6
{[%clk 0:00:58]} bxc6 {[%clk 0:00:16]} 100. Bf3 {[%clk 0:00:50]} Kc5
{[%clk 0:00:17]} 101. Be2 {[%clk 0:00:47]} Be5 {[%clk 0:00:18]} 102. g4
{[%clk 0:00:47]} Bc7 {[%clk 0:00:18]} 103. Bd3 {[%clk 0:00:44]} f4
{[%clk 0:00:18]} 104. Bxg6 {[%clk 0:00:44]} Bxa5 {[%clk 0:00:18]} 105. Be4
{[%clk 0:00:43]} Bc7 {[%clk 0:00:19]} 106. Bf3 {[%clk 0:00:35]} a5
{[%clk 0:00:20]} 107. Be4 {[%clk 0:00:36]} Bd8 {[%clk 0:00:22]} 108. Bf3
{[%clk 0:00:38]} Bf6 {[%clk 0:00:20]} 109. Be4 {[%clk 0:00:39]} Bd4
{[%clk 0:00:21]} 110. Bf3 {[%clk 0:00:40]} Bf2 {[%clk 0:00:23]} 111. Be4
{[%clk 0:00:41]} Be1 {[%clk 0:00:24]} 112. Bf3 {[%clk 0:00:42]} Bb4
{[%clk 0:00:23]} 113. Bg2 {[%clk 0:00:30]} Be1 {[%clk 0:00:24]} 114. Bf3
{[%clk 0:00:31]} Kd6 {[%clk 0:00:25]} 115. Bg2 {[%clk 0:00:26]} c5
{[%clk 0:00:26]} 116. Ka4 {[%clk 0:00:10]} Ke5 {[%clk 0:00:28]} 117. Kb5
{[%clk 0:00:11]} Kd4 {[%clk 0:00:29]} 118. Bh1 {[%clk 0:00:11]} Ke3
{[%clk 0:00:28]} 119. Kxc5 {[%clk 0:00:11]} a4 {[%clk 0:00:29]} 120. Kd4+ 0-1

[Event "Team Championship (men blitz)"]
[Site "Sochi"]
[Date "2017.10.05"]
[Round "1.3"]
[White "Rublevsky, Sergei"]
[Black "Kozlov, Oleg"]
[Result "1-0"]
[LiveChessVersion "1.4.8"]
[BlackElo "2286"]
[WhiteElo "2643"]

1. e4 {[%clk 0:03:03]} c5 {[%clk 0:03:04]} 2. Nf3 e6 3. c3 {[%clk 0:03:04]} Nf6
{[%clk 0:03:06]} 4. e5 {[%clk 0:03:05]} Nd5 {[%clk 0:03:08]} 5. Bc4
{[%clk 0:03:05]} Nb6 {[%clk 0:02:56]} 6. Bb3 {[%clk 0:03:06]} d6 {[%clk 0:02:56]}
7. exd6 {[%clk 0:03:06]} Bxd6 {[%clk 0:02:57]} 8. O-O {[%clk 0:03:03]} O-O
{[%clk 0:02:44]} 9. d4 {[%clk 0:03:04]} cxd4 {[%clk 0:02:40]} 10. cxd4
{[%clk 0:03:04]} N8d7 {[%clk 0:02:30]} 11. Nc3 {[%clk 0:02:53]} Nf6
{[%clk 0:02:09]} 12. Ne5 {[%clk 0:02:44]} Nbd5 {[%clk 0:01:52]} 13. Qf3
{[%clk 0:02:35]} b6 {[%clk 0:00:51]} 14. Bg5 {[%clk 0:02:22]} Bb7
{[%clk 0:00:51]} 15. Nxd5 {[%clk 0:01:57]} Bxd5 {[%clk 0:00:51]} 16. Bxd5
{[%clk 0:01:58]} exd5 {[%clk 0:00:52]} 17. Bxf6 {[%clk 0:01:54]} Qxf6
{[%clk 0:00:35]} 18. Qxf6 {[%clk 0:01:54]} gxf6 {[%clk 0:00:36]} 19. Nd7
{[%clk 0:01:54]} Rfd8 {[%clk 0:00:37]} 20. Nxf6+ {[%clk 0:01:52]} Kg7
{[%clk 0:00:39]} 21. Ng4 {[%clk 0:01:42]} Rac8 {[%clk 0:00:34]} 22. Rac1
{[%clk 0:01:43]} Bf4 {[%clk 0:00:34]} 23. Ne3 {[%clk 0:01:43]} Rxc1
{[%clk 0:00:08]} 24. Rxc1 {[%clk 0:01:44]} Bxe3 {[%clk 0:00:08]} 25. fxe3
{[%clk 0:01:44]} Rd7 {[%clk 0:00:10]} 26. Kf2 {[%clk 0:01:44]} f6
{[%clk 0:00:08]} 27. Kf3 {[%clk 0:01:42]} Kg6 {[%clk 0:00:06]} 28. Rc8
{[%clk 0:01:39]} h5 {[%clk 0:00:07]} 29. Kf4 {[%clk 0:01:34]} Kh6
{[%clk 0:00:05]} 30. Kf5 {[%clk 0:01:31]} Kg7 {[%clk 0:00:06]} 31. Ke6
{[%clk 0:01:31]} Rb7 {[%clk 0:00:06]} 32. Kxd5 {[%clk 0:01:27]} Re7
{[%clk 0:00:08]} 33. e4 {[%clk 0:01:25]} h4 {[%clk 0:00:09]} 34. Rc6
{[%clk 0:01:18]} Rd7+ {[%clk 0:00:07]} 35. Rd6 {[%clk 0:01:18]} Rc7
{[%clk 0:00:09]} 36. Rc6 {[%clk 0:00:50]} Rd7+ {[%clk 0:00:10]} 37. Kc4
{[%clk 0:00:51]} Re7 {[%clk 0:00:12]} 38. Kd3 {[%clk 0:00:52]} Rd7
{[%clk 0:00:13]} 39. Ke3 {[%clk 0:00:52]} Re7 {[%clk 0:00:14]} 40. d5
{[%clk 0:00:51]} f5 {[%clk 0:00:14]} 41. Re6 {[%clk 0:00:52]} Rc7
{[%clk 0:00:06]} 42. d6 {[%clk 0:00:50]} Rc1 {[%clk 0:00:04]} 43. e5
{[%clk 0:00:45]} Rd1 {[%clk 0:00:04]} 44. Re7+ {[%clk 0:00:43]} Kg6
{[%clk 0:00:05]} 45. d7 {[%clk 0:00:44]} f4+ {[%clk 0:00:04]} 46. Kxf4
{[%clk 0:00:43]} Rd4+ {[%clk 0:00:05]} 47. Ke3 {[%clk 0:00:44]} Rd5
{[%clk 0:00:06]} 48. e6 {[%clk 0:00:44]} Kf6 {[%clk 0:00:06]} 49. Re8
{[%clk 0:00:45]} Re5+ {[%clk 0:00:07]} 50. Kd4 {[%clk 0:00:45]} 1-0

[Event "Team Championship (men blitz)"]
[Site "Sochi"]
[Date "2017.10.05"]
[Round "1.4"]
[White "Ozgibcev, Anatoly"]
[Black "Shirov, Alexei"]
[Result "0-1"]
[LiveChessVersion "1.4.8"]
[BlackElo "2670"]
[WhiteElo "2354"]

1. e4 {[%clk 0:03:02]} e5 {[%clk 0:03:03]} 2. Nf3 {[%clk 0:03:03]} Nc6
{[%clk 0:03:04]} 3. Bc4 {[%clk 0:03:04]} Nf6 {[%clk 0:03:04]} 4. d4
{[%clk 0:03:05]} exd4 {[%clk 0:03:02]} 5. O-O {[%clk 0:03:06]} Bc5
{[%clk 0:03:01]} 6. c3 {[%clk 0:03:07]} Nxe4 {[%clk 0:02:47]} 7. cxd4
{[%clk 0:03:08]} d5 {[%clk 0:02:38]} 8. dxc5 {[%clk 0:03:08]} dxc4
{[%clk 0:02:38]} 9. Qe2 {[%clk 0:03:10]} Qd3 {[%clk 0:02:37]} 10. Re1
{[%clk 0:03:10]} f5 {[%clk 0:02:21]} 11. Nc3 {[%clk 0:03:10]} O-O
{[%clk 0:02:19]} 12. Nxe4 {[%clk 0:03:11]} fxe4 {[%clk 0:02:19]} 13. Qxe4
{[%clk 0:03:13]} Bf5 {[%clk 0:02:16]} 14. Qxd3 {[%clk 0:03:13]} cxd3
{[%clk 0:02:15]} 15. Bd2 {[%clk 0:03:14]} Rae8 {[%clk 0:02:12]} 16. Bc3
{[%clk 0:03:03]} Bg4 {[%clk 0:01:59]} 17. Nd2 {[%clk 0:02:33]} Be2
{[%clk 0:01:57]} 18. f3 {[%clk 0:02:29]} Ne7 {[%clk 0:01:58]} 19. Ne4
{[%clk 0:02:17]} Nf5 {[%clk 0:01:52]} 20. Kf2 {[%clk 0:02:03]} Rxe4
{[%clk 0:01:47]} 21. fxe4 {[%clk 0:02:04]} Nd4+ {[%clk 0:01:47]} 22. Kg3
{[%clk 0:01:44]} Nc2 {[%clk 0:01:47]} 23. Rac1 {[%clk 0:01:35]} Nxe1
{[%clk 0:01:44]} 24. Rxe1 {[%clk 0:01:36]} Kf7 {[%clk 0:01:43]} 25. Kf4
{[%clk 0:01:35]} Ke6+ {[%clk 0:01:43]} 26. Ke3 {[%clk 0:01:36]} g5
{[%clk 0:01:43]} 27. h4 {[%clk 0:01:21]} gxh4 {[%clk 0:01:36]} 28. Rh1
{[%clk 0:01:22]} Rg8 {[%clk 0:01:37]} 29. Rxh4 {[%clk 0:01:23]} h5
{[%clk 0:01:38]} 30. Rh2 {[%clk 0:01:14]} Rg3+ {[%clk 0:01:36]} 31. Kf4
{[%clk 0:01:07]} Rg4+ {[%clk 0:01:36]} 32. Ke3 {[%clk 0:01:08]} Rg5
{[%clk 0:01:36]} 33. b4 {[%clk 0:01:04]} b6 {[%clk 0:01:37]} 34. Bd4
{[%clk 0:00:57]} Rg8 {[%clk 0:01:34]} 35. a3 {[%clk 0:00:47]} Rd8
{[%clk 0:01:31]} 36. Bc3 {[%clk 0:00:46]} bxc5 {[%clk 0:01:23]} 37. bxc5
{[%clk 0:00:47]} Rb8 {[%clk 0:01:24]} 38. Bb4 {[%clk 0:00:41]} Rb5
{[%clk 0:01:25]} 39. Rh1 {[%clk 0:00:31]} a5 {[%clk 0:01:25]} 40. Bd2
{[%clk 0:00:32]} Rxc5 {[%clk 0:01:25]} 41. Rb1 {[%clk 0:00:33]} Rg5
{[%clk 0:01:22]} 42. Rb7 {[%clk 0:00:33]} Rxg2 {[%clk 0:01:17]} 43. Rxc7
{[%clk 0:00:32]} Bf1 {[%clk 0:01:15]} 44. Rh7 {[%clk 0:00:24]} a4
{[%clk 0:01:11]} 45. Rh6+ {[%clk 0:00:23]} Kf7 {[%clk 0:01:10]} 46. Bc3
{[%clk 0:00:24]} h4 {[%clk 0:00:30]} 47. e5 {[%clk 0:00:22]} d2 {[%clk 0:00:24]}
48. Bxd2 {[%clk 0:00:20]} Re2+ {[%clk 0:00:25]} 49. Kd3 {[%clk 0:00:21]} Rxe5+
{[%clk 0:00:25]} 50. Kd4 {[%clk 0:00:22]} Re2 {[%clk 0:00:24]} 51. Bf4
{[%clk 0:00:22]} h3 {[%clk 0:00:25]} 52. Kc5 {[%clk 0:00:20]} Rf2
{[%clk 0:00:25]} 53. Be5 {[%clk 0:00:21]} Rf3 {[%clk 0:00:26]} 54. Kd5
{[%clk 0:00:20]} Rxa3 {[%clk 0:00:25]} 55. Bd6 {[%clk 0:00:22]} Rd3+
{[%clk 0:00:26]} 56. Ke5 {[%clk 0:00:23]} a3 {[%clk 0:00:25]} 57. Kf5
{[%clk 0:00:21]} Rd5+ {[%clk 0:00:24]} 58. Be5 {[%clk 0:00:21]} a2
{[%clk 0:00:19]} 59. Rh7+ {[%clk 0:00:22]} Ke8 {[%clk 0:00:20]} 60. Ra7
{[%clk 0:00:23]} h2 {[%clk 0:00:18]} 61. Ke6 {[%clk 0:00:24]} Rxe5+
{[%clk 0:00:19]} 62. Kxe5 {[%clk 0:00:26]} h1=Q {[%clk 0:00:19]} 63. Rxa2
{[%clk 0:00:26]} Qh5+ {[%clk 0:00:20]} 64. Kf6 {[%clk 0:00:27]} Qf3+
{[%clk 0:00:20]} 65. Kg5 {[%clk 0:00:28]} Qe3+ {[%clk 0:00:21]} 66. Ra8+
{[%clk 0:00:27]} 0-1

[Event "Team Championship (men blitz)"]
[Site "Sochi"]
[Date "2017.10.05"]
[Round "1.5"]
[White "Kurbedinov, Ramis"]
[Black "Dubov, Daniil"]
[Result "0-1"]
[LiveChessVersion "1.4.8"]
[BlackElo "2775"]
[WhiteElo "2259"]

1. d4 {[%clk 0:03:03]} Nf6 {[%clk 0:03:03]} 2. c4 {[%clk 0:03:04]} c5
{[%clk 0:03:04]} 3. d5 {[%clk 0:03:05]} b5 {[%clk 0:03:06]} 4. cxb5
{[%clk 0:03:05]} a6 {[%clk 0:03:07]} 5. bxa6 {[%clk 0:03:05]} g6 {[%clk 0:03:08]}
6. Nc3 {[%clk 0:03:06]} Bg7 {[%clk 0:03:09]} 7. e4 {[%clk 0:03:07]} O-O
{[%clk 0:03:10]} 8. Nf3 {[%clk 0:03:03]} Qa5 {[%clk 0:03:11]} 9. Bd2
{[%clk 0:03:04]} d6 {[%clk 0:03:05]} 10. Be2 {[%clk 0:03:05]} Bxa6
{[%clk 0:03:05]} 11. O-O {[%clk 0:03:03]} Bxe2 {[%clk 0:03:04]} 12. Qxe2
{[%clk 0:03:04]} Qa6 {[%clk 0:03:05]} 13. Qxa6 {[%clk 0:02:55]} Nxa6
{[%clk 0:03:05]} 14. e5 {[%clk 0:02:51]} dxe5 {[%clk 0:02:56]} 15. Nxe5
{[%clk 0:02:52]} Nb4 {[%clk 0:02:57]} 16. Be3 {[%clk 0:02:32]} Nfxd5
{[%clk 0:02:50]} 17. Nxd5 {[%clk 0:02:27]} Nxd5 {[%clk 0:02:51]} 18. Nc4
{[%clk 0:02:24]} Rfc8 {[%clk 0:02:25]} 19. a4 {[%clk 0:02:05]} e6
{[%clk 0:02:06]} 20. a5 {[%clk 0:02:01]} Ra6 {[%clk 0:02:07]} 21. Ra3
{[%clk 0:01:52]} Rb8 {[%clk 0:01:35]} 22. Bxc5 {[%clk 0:01:43]} Rc8
{[%clk 0:01:36]} 23. b4 {[%clk 0:01:43]} Nxb4 {[%clk 0:01:37]} 24. Bxb4
{[%clk 0:01:29]} Rxc4 {[%clk 0:01:36]} 25. Rb1 {[%clk 0:01:15]} Bb2
{[%clk 0:01:32]} 26. Rb3 {[%clk 0:01:13]} Bd4 {[%clk 0:01:30]} 27. Be1
{[%clk 0:01:07]} Rc2 {[%clk 0:01:26]} 28. Kf1 {[%clk 0:00:59]} e5
{[%clk 0:01:26]} 29. Rb7 {[%clk 0:00:52]} Bxf2 {[%clk 0:00:55]} 30. R7b6
{[%clk 0:00:19]} Bxb6 {[%clk 0:00:47]} 31. axb6 {[%clk 0:00:20]} Rc8
{[%clk 0:00:24]} 32. Bf2 {[%clk 0:00:15]} Rb8 {[%clk 0:00:24]} 33. Bc5
{[%clk 0:00:16]} Rb7 {[%clk 0:00:21]} 34. Ke2 {[%clk 0:00:14]} Ra5
{[%clk 0:00:22]} 35. Be3 {[%clk 0:00:14]} Ra2+ {[%clk 0:00:16]} 36. Kd3
{[%clk 0:00:07]} Rxg2 {[%clk 0:00:12]} 37. Ke4 {[%clk 0:00:06]} f6
{[%clk 0:00:08]} 38. Kd5 {[%clk 0:00:07]} Rc2 {[%clk 0:00:05]} 39. Bc5
{[%clk 0:00:08]} Kf7 {[%clk 0:00:04]} 40. Kc6 {[%clk 0:00:09]} Rb8
{[%clk 0:00:05]} 41. Kc7 {[%clk 0:00:09]} Re8 {[%clk 0:00:05]} 42. Kc6
{[%clk 0:00:11]} Rc8+ {[%clk 0:00:06]} 43. Kd7 {[%clk 0:00:10]} R2xc5
{[%clk 0:00:06]} 44. b7 {[%clk 0:00:10]} R8c7+ {[%clk 0:00:05]} 45. Kd8
{[%clk 0:00:10]} Rxb7 {[%clk 0:00:06]} 46. Rxb7+ {[%clk 0:00:11]} Ke6
{[%clk 0:00:07]} 47. Rxh7 {[%clk 0:00:12]} e4 {[%clk 0:00:08]} 48. h4
{[%clk 0:00:11]} Re5 {[%clk 0:00:08]} 0-1

[Event "Team Championship (men blitz)"]
[Site "Sochi"]
[Date "2017.10.05"]
[Round "1.6"]
[White "Morozevich, Alexander"]
[Black "Iljin, Timofey"]
[Result "1-0"]
[LiveChessVersion "1.4.8"]
[BlackElo "2373"]
[WhiteElo "2642"]

1. d4 {[%clk 0:03:02]} d5 {[%clk 0:03:03]} 2. c4 {[%clk 0:03:03]} e6
{[%clk 0:03:04]} 3. Nc3 {[%clk 0:03:03]} Bb4 {[%clk 0:03:04]} 4. cxd5
{[%clk 0:02:55]} exd5 {[%clk 0:03:05]} 5. Bf4 {[%clk 0:02:57]} Nf6
{[%clk 0:02:55]} 6. e3 {[%clk 0:02:58]} O-O {[%clk 0:02:46]} 7. Bd3
{[%clk 0:02:59]} c5 {[%clk 0:02:43]} 8. Nge2 {[%clk 0:03:00]} Nc6
{[%clk 0:02:43]} 9. a3 {[%clk 0:02:57]} Bxc3+ {[%clk 0:02:33]} 10. bxc3
{[%clk 0:02:57]} Bg4 {[%clk 0:02:27]} 11. f3 {[%clk 0:02:45]} Bh5
{[%clk 0:02:27]} 12. h4 {[%clk 0:02:05]} Re8 {[%clk 0:01:52]} 13. g4
{[%clk 0:01:57]} Bg6 {[%clk 0:01:52]} 14. Bb5 {[%clk 0:01:57]} cxd4
{[%clk 0:01:24]} 15. h5 {[%clk 0:01:35]} dxe3 {[%clk 0:00:39]} 16. hxg6
{[%clk 0:01:35]} fxg6 {[%clk 0:00:40]} 17. Rb1 {[%clk 0:01:17]} Qd7
{[%clk 0:00:32]} 18. Qa4 {[%clk 0:00:57]} a6 {[%clk 0:00:27]} 19. Bxc6
{[%clk 0:00:58]} bxc6 {[%clk 0:00:28]} 20. Rb6 {[%clk 0:00:52]} Rac8
{[%clk 0:00:18]} 21. Rxa6 {[%clk 0:00:42]} Nxg4 {[%clk 0:00:12]} 22. Ra7
{[%clk 0:00:34]} Qf5 {[%clk 0:00:10]} 23. fxg4 {[%clk 0:00:35]} Qb1+
{[%clk 0:00:10]} 24. Qd1 {[%clk 0:00:36]} Qe4 {[%clk 0:00:08]} 25. O-O
{[%clk 0:00:35]} g5 {[%clk 0:00:09]} 26. Bg3 {[%clk 0:00:33]} Rf8
{[%clk 0:00:09]} 27. Rxf8+ {[%clk 0:00:24]} Rxf8 {[%clk 0:00:10]} 28. Qd4
{[%clk 0:00:23]} Qb1+ 29. Kh2 Rf7 {[%clk 0:00:03]} 30. Rxf7 {[%clk 0:00:24]} Kxf7
{[%clk 0:00:04]} 31. Qxe3 {[%clk 0:00:24]} h6 {[%clk 0:00:04]} 32. Nd4
{[%clk 0:00:22]} Qa2+ {[%clk 0:00:04]} 33. Qf2+ {[%clk 0:00:23]} 1-0